Ycare - Le fou et le roi - Statistiques

Statistiques générales
  • Ce quiz a été pris 6 fois
  • Le résultat moyen est 227 sur 294
Statistiques - réponses
Réponse % Correct
-
100%
à
100%
a
100%
A
100%
au
100%
Au
100%
Ce
100%
cœur
100%
de
100%
des
100%
devant
100%
du
100%
en
100%
En
100%
et
100%
fou,
100%
Il
100%
il
100%
je
100%
Je
100%
la
100%
La
100%
le
100%
Les
100%
les
100%
loin
100%
Me
100%
me
100%
moi
100%
Moi
100%
nos
100%
Pour
100%
que
100%
quel
100%
qui
100%
roi
100%
Se
100%
se
100%
sûr,
100%
sûr
100%
un
100%
une
100%
anges
75%
avant
75%
belle
75%
bergers
75%
cartes
75%
chantant
75%
châteaux
75%
clés
75%
cloches
75%
coin
75%
étaient
75%
était
75%
homme
75%
J'étais
75%
Jupiter
75%
l'étoile
75%
l'histoire
75%
ma
75%
mes
75%
miens
75%
mon
75%
monde
75%
morale
75%
pardonneront
75%
Pas
75%
point
75%
portes
75%
qu'ils
75%
raison
75%
rappellent
75%
reste
75%
rue,
75%
sait
75%
Saturne
75%
s'écarte
75%
seconde
75%
sonnent
75%
sont
75%
s'ouvraient
75%
tels
75%
tête
75%
Tous
75%
vie
75%
vive
75%
y
75%
avait
50%
cette
50%
clefs
50%
cool
50%
corps
50%
courte
50%
Dans
50%
dansais
50%
d'après
50%
dehors
50%
détenais
50%
dévoilent
50%
disputaient
50%
dors
50%
fable
50%
Faisais
50%
faisais
50%
faits
50%
fête
50%
flair,
50%
fond
50%
foule
50%
garderai
50%
géants
50%
gens
50%
Hier
50%
honnête
50%
immeubles
50%
J'suis
50%
Juste
50%
laquelle
50%
l'instant
50%
mènent
50%
mise
50%
n'y
50%
paumé
50%
perdre
50%
pliaient
50%
preuve
50%
Qu'on
50%
qu'on
50%
qu'une
50%
roulette
50%
ruse
50%
russe
50%
sable
50%
sans
50%
soir
50%
Tant
50%
tourné
50%
vent
50%
vu
50%
Aïe
25%
j'ai
25%
jouais
25%
m'arracherait
25%
peur
25%
OH
0%
prime
0%
Sature
0%
Aucun quiz correspondant
Distribution des résultats
% des personnes avec chaque résultat
Percentile par nombre de réponses
Votre historique - résultats
Vous n’avez pas pris ce quiz